00384pab a2200145 454500008004000000100002200040245005600062260000900118300001500127362000800142650003300150650001100183700002600194773001800220180718b2013 xxu||||| |||| 00| 0 eng d aPatnaik, Anuradha aIncome convergence in Maharashtra: Myth or reality? c2013 ap.421-436. aDec aIncome - India - Maharashtra aIncome aDeshpande, Vinayak S. aArtha Vijnana